Marchands et banquiers de Moyen Age.

Sparad:
Bibliografiska uppgifter
Huvudupphovsman: Le Goff, Jacques, 1924-
Materialtyp: Bok
Språk:English
Publicerad: Paris : Presses universitaires de France, 1966.
Upplaga:3. ed. rev.
Serie:Que sais-je? ; no.699.
Ämnen:
LEADER 00946nam a2200265 i 4500
001 c000252606
003 CARM
005 00000000000000.0
008 840514s1966 fr 0 eng d
019 1 |a 9244708  |5 LACONCORD2021 
035 |a (OCoLC)4218248  |5 LACONCORD2021 
082 0 4 |a 380.0902 
100 1 |a Le Goff, Jacques,  |d 1924- 
245 1 0 |a Marchands et banquiers de Moyen Age. 
250 |a 3. ed. rev. 
260 |a Paris :  |b Presses universitaires de France,  |c 1966. 
300 |a 128 p. 
490 1 |a Que sais-je?. Le point des connaissances actuelles ;  |v no.699 
500 |a Bibliography: p.[125]-126. 
650 0 |a Merchants. 
650 0 |a Bankers  |z Europe. 
830 0 |a Que sais-je? ;  |v no.699. 
852 8 |b CARM  |h A2:AI09H0  |i A04141  |p 0371923  |f BK 
999 f f |i 96dd09db-4808-5de5-a9e0-a201917f8013  |s 30aaafa4-1a75-5af7-a2ed-04517b062913 
952 f f |p Can circulate  |a CAVAL  |b CAVAL  |c CAVAL  |d CARM 1 Store  |e A04141  |f A2:AI09H0  |h Other scheme  |i book  |m 0371923